Vzorový postup pri prehodnotení a aktualizácii schválenej a rozpracovanej územnoplánovacej dokumentácie sídelných útvarov.
Prehodnotenie a aktualizácia územnoplánovacej dokumentácie sídelných útvarov. Vzorový postup pri prehodnocovaní a aktualizácii. Jednotlivé kroky postupu. Prílohy vzorového postupu. Súbor kritérií na prehodnotenie a aktualizáciu ÚPD SÚ. Regulatívy. Legenda výkresov aktualizovanej ÚPD SÚ. Vzor registr...
Saved in:
| Format: | Book Chapter |
|---|---|
| Language: | Slovak |
| Subjects: | |
| Tags: |
No Tags, Be the first to tag this record!
|
MARC
| LEADER | 00000naa a2200000 4500 | ||
|---|---|---|---|
| 001 | r008235 | ||
| 005 | 20220831085650.9 | ||
| 041 | 0 | |a slo | |
| 044 | |a [CS] | ||
| 245 | 1 | 0 | |a Vzorový postup pri prehodnotení a aktualizácii schválenej a rozpracovanej územnoplánovacej dokumentácie sídelných útvarov. |
| 520 | |a Prehodnotenie a aktualizácia územnoplánovacej dokumentácie sídelných útvarov. Vzorový postup pri prehodnocovaní a aktualizácii. Jednotlivé kroky postupu. Prílohy vzorového postupu. Súbor kritérií na prehodnotenie a aktualizáciu ÚPD SÚ. Regulatívy. Legenda výkresov aktualizovanej ÚPD SÚ. Vzor registračného listu prehodnotenia a aktualizácie ÚPD SÚ. | ||
| 610 | 2 | 0 | |a plánovanie územné |
| 610 | 2 | 0 | |a dokumentácia |
| 610 | 2 | 0 | |a aglomerácie sídelné |
| 610 | 2 | 0 | |a modernizácia |